Zhodnotenie efektívnosti rekonštrukcií a modernizácií budov ROH v pôsobnosti Bratislavskej odborovej rady záverečná práca postgraduálneho štúdia

Enregistré dans:
Détails bibliographiques
Auteur principal: Rusnok, Jiří
Collectivité auteur: Vysoká škola ekonomická v Bratislave
Autres auteurs: Moravčík, Alexander
Format: Livre
Langue:slovaque
Publié: Bratislava 1987
Tags: Ajouter un tag
Pas de tags, Soyez le premier à ajouter un tag!

MARC

LEADER 00000nam a2200000 4500
001 c036617
005 20250703093740.5
041 0 |a slo 
044 |a SK 
245 1 0 |a Zhodnotenie efektívnosti rekonštrukcií a modernizácií budov ROH v pôsobnosti Bratislavskej odborovej rady  |b záverečná práca postgraduálneho štúdia  |c Jiří Rusnok ; Ved. práce Alexander Moravčík 
264 1 |a Bratislava  |c 1987 
300 |a 57 s. 
100 1 |a Rusnok, Jiří 
700 1 |a Moravčík, Alexander 
710 2 |a Vysoká škola ekonomická v Bratislave